000 00588nam a2200181Ia 4500
003 GCL
008 140319s9999 xx 000 0 ara d
040 _aGCL /
_cGCL
082 0 4 _a811.009
_bع ا
100 1 _aعبدالله التطاوى
245 1 0 _aابعاد المؤثر الاسلامى فى القصيدة العربية /
_cعبدالله التطاوى
260 _a[S.N] :
_bدار الثقافة للنشر والتوزيع
490 _a
650 0 4 _aالشعر العربى
650 0 4 _aالادب العربى
650 0 4 _aتاريخ ونقد
942 _2ddc
_cBK
999 _c36749
_d36749